000 00335nam a2200133Ia 4500
008 220216s9999 xx 000 0 und d
100 _aGupta M
245 0 _aRole of wood products in global climate change
260 _bIndian Forester
_c2011
300 _a1056-1051
650 _aClimate change
700 _aGupta L M
942 _cJS
999 _c67227
_d67227